000 00789nam a2200241Ia 4500
003 OSt
005 20220923214335.0
006 a|||||r|||| 00| 0
007 ta
008 220922b |||||||| |||| 00| 0 hin d
024 _a168,990
037 _cTextual
040 _aARTS
_cARTS
_bhin
041 _2hin
_ahin
082 _aO152,1I83:g(Y:1), J8
100 _aटंडन, प्रेमनारायण
245 0 _aसूर साहित्य का सांस्कृतिक अध्ययन
246 _aSūr sāhitya kā sāanskṛutik adhyayana
260 _c1958
650 _aहिन्दी कविता
942 _hO152,1I83:g(Y:1), J8
_cTEXL
_2CC
999 _c323457
_d323457